|
|
|
|
| LEADER |
01559nam a2200409 a 4500 |
| 001 |
000412458 |
| 003 |
CZ BrMZK |
| 005 |
20201106141152.0 |
| 007 |
ta |
| 008 |
010907s1999 xr e f 0 cze d |
| 015 |
|
|
|a cnb000703437
|
| 020 |
|
|
|a 80-7105-181-0
|
| 035 |
|
|
|a (OCoLC)43261894
|
| 040 |
|
|
|a BOA001
|b cze
|
| 072 |
|
7 |
|a 631
|x Zemědělství. Pedologie. Agrotechnika. Agroekologie
|2 Konspekt
|9 24
|
| 080 |
|
|
|a 631.35
|2 MRF
|
| 080 |
|
|
|a 631.3
|2 MRF
|
| 080 |
|
|
|a 633.2/.3
|2 MRF
|
| 080 |
|
|
|a (036)
|2 MRF
|
| 100 |
1 |
|
|a Holubová, Věra,
|d 1927-
|7 jn20031118005
|4 aut
|
| 245 |
1 |
0 |
|a Stroje pro sklizeň a konzervaci pícnin /
|c Věra Holubová, Miloslav Luňáček
|
| 250 |
|
|
|a Vyd. 1.
|
| 260 |
|
|
|a Praha :
|b Institut výchovy a vzdělávání Ministerstva zemědělství ČR,
|c 1999
|
| 300 |
|
|
|a 41 s. :
|b il. ;
|c 21 cm
|
| 490 |
1 |
|
|a Mechanizace (modrá ř.)
|
| 500 |
|
|
|a Bibliogr.
|
| 500 |
|
|
|a Dostupné též v digitální podobě v aplikaci Kramerius
|
| 650 |
0 |
7 |
|a sklízecí stroje
|7 ph125597
|2 czenas
|
| 650 |
0 |
7 |
|a zemědělské stroje
|7 ph116768
|2 czenas
|
| 650 |
0 |
7 |
|a pícniny
|7 ph115973
|2 czenas
|
| 655 |
|
7 |
|a informační publikace
|7 fd132454
|2 czenas
|
| 700 |
1 |
|
|a Luňáček, Miroslav,
|c zemědělské stroje
|4 aut
|
| 830 |
|
0 |
|a Mechanizace (modrá ř.)
|
| 856 |
4 |
1 |
|u http://www.digitalniknihovna.cz/mzk/uuid/uuid:a755f4a0-6c06-11e5-9e57-005056827e52
|y Digitalizovaný dokument
|x NDK
|
| 910 |
|
|
|a BOA001
|b 2-1058.379
|
| 990 |
|
|
|a BK
|
| 996 |
6 |
|
|b 2610091372
|c 2-1058.379
|l MZK
|r Sklad / do 1 hodiny
|n 14
|p p.v.
|w 000412458
|u 000010
|a 1
|e BOA001
|j MZK50
|s P
|